| 000 | 01413nam a2200409 a 4500 | ||
|---|---|---|---|
| 001 | 21882 | ||
| 003 | VRT | ||
| 005 | 20260313142606.0 | ||
| 008 | 130701s2013 xo a j 000 j slo d | ||
| 020 | _a9788089590377 (brož.) | ||
| 035 | _aa000480179 | ||
| 039 | 9 |
_a201309181428 _buhliarova _c201309051312 _dargo _c201309051306 _dargo _c201307011039 _dedita |
|
| 040 |
_aSVKBBo _bslo _cUKB _eAACR2 |
||
| 041 | 1 |
_aslo _hhun |
|
| 044 |
_axo _cSK |
||
| 072 | 7 |
_a821-93 _xLiteratúra pre deti a mládež (beletria) _2konspekt |
|
| 080 |
_a821-93 _22001 |
||
| 080 |
_a(0:82-34) _22001 |
||
| 100 | 1 |
_aPádár, Eva _4adp |
|
| 245 | 1 | 0 |
_aRozprávky o zvieratkách _pZajko a ježko a ďalšie rozprávky _c[rozprávky La Fontaina a Ezopa prepracovala Eva Pádár ; preklad Monika Srnková ; ilustrácie Brijbasi Art Press] |
| 246 | 3 | 0 | _aZajko a ježko a ďalšie rozprávky |
| 260 |
_aNové Zámky _bEx book _c[2013] |
||
| 300 |
_a63 s. _bil. |
||
| 500 | _aPravdep. prel. z maď. | ||
| 500 | _aPannon-Literatúra Kft. | ||
| 653 | _a821-93 | ||
| 653 | _a(0:82-34) | ||
| 655 | 7 |
_apublikácie pre deti _2UKBPH |
|
| 655 | 7 |
_arozprávky _2UKBPH |
|
| 700 | 1 |
_aSrnková, Monika _4trl |
|
| 710 | 2 |
_aBrijbasi Art Press (Noida, India) _4ill |
|
| 910 | _asvkbb | ||
| 910 | _aukb | ||
| 942 |
_2ddc _cKLDE _n0 |
||
| 949 |
_61800583247 _aSL.D.92686 _bPV.8473-2013 |
||
| 949 |
_61800583248 _aSK.D.60359 _bPV.8474-2013 _s6707:20130920 |
||
| 999 |
_c21882 _d21882 |
||